[Event "ch-FRA Blitz Online Qual"]
[Site "Europe-Chess INT"]
[Date "2020.05.16"]
[Round "10"]
[White "Thobie, Pascal"]
[Black "Villevieille, Lucas"]
[Result "0-1"]
[WhiteElo "1216"]
[BlackElo "1713"]
[WhiteFideId "651001187"]
[BlackFideId "36022349"]
[EventDate "2020.05.16"]

1. Nf3 d5 2. d4 Nf6 3. e3 g6 4. c4 dxc4 5. Bxc4 Bg7 6. O-O O-O 7. Nc3 Bg4 8. Be2
Nbd7 9. a3 Nb6 10. b4 e6 11. Bb2 Nbd5 12. Nxd5 exd5 13. Ne5 Be6 14. h3 Nd7 15.
Nxd7 Qxd7 16. Bg4 Bxg4 17. Qxg4 Qxg4 18. hxg4 Rfe8 19. Rfe1 c6 20. f3 Bh6 21.
Kf2 Re7 22. Re2 Rae8 23. Rae1 b6 24. g3 Bg7 25. f4 c5 26. dxc5 bxc5 27. Bxg7
Kxg7 28. bxc5 Re4 29. c6 Rc4 30. Rd2 Rxc6 31. Rxd5 Ra6 32. Rd3 Ra4 33. Red1 Rc8
34. Kf3 Rc2 35. e4 Ra2 36. f5 R2xa3 37. fxg6 hxg6 38. Ke3 a5 39. Rxa3 Rxa3+ 40.
Rd3 Rxd3+ 41. Kxd3 Kf6 42. Kc4 Ke5 43. Kb5 Kxe4 44. Kxa5 Kf3 45. Kb5 Kxg3 46.
Kc5 Kxg4 47. Kd4 f5 48. Ke3 Kg3 49. Ke2 Kg2 50. Ke3 g5 51. Kd4 f4 52. Ke5 f3 53.
Kf5 f2 54. Kxg5 f1=Q 55. Kg4 Qf3+ 56. Kg5 Kf2 57. Kg6 Qf4 58. Kg7 Qf5 59. Kg8
Qf6 60. Kh7 Qg5 61. Kh8 Kf3 62. Kh7 Kf4 63. Kh8 Kf5 64. Kh7 Kf6 0-1

[Event "ch-FRA Blitz Online Qual"]
[Site "Europe-Chess INT"]
[Date "2020.05.16"]
[Round "10"]
[White "Hadida, Simon"]
[Black "Toussaint, Florent"]
[Result "1-0"]
[WhiteElo "1900"]
[BlackElo "1391"]
[WhiteFideId "45132925"]
[BlackFideId "36088730"]
[EventDate "2020.05.16"]

1. e4 e5 2. Nf3 Nc6 3. Bc4 Nf6 4. d3 Bc5 5. c3 d6 6. O-O Be6 7. Nbd2 O-O 8. a4
a6 9. b4 Ba7 10. Qb3 Qd7 11. Re1 Rfe8 12. Nf1 h6 13. Ng3 Bxc4 14. Qxc4 Ne7 15.
Qb3 Ng6 16. Nf5 Nh5 17. g3 Nf6 18. Kg2 Ne7 19. N3h4 Ng4 20. Re2 g5 21. Nxh6+
Nxh6 22. Bxg5 Kh7 23. Bxh6 Kxh6 24. Qxf7 Rf8 25. Qb3 Qg4 26. f3 Qg5 27. Qe6+ Kg7
28. Qd7 Rac8 29. Nf5+ Kf7 30. h4 Qf6 31. Rh1 Rg8 32. Qxe7+ Qxe7 33. Nxe7 Kxe7
34. g4 Rcf8 35. g5 Rf4 36. Kg3 Rgf8 37. Rf1 Rh8 38. Rh2 Kf7 39. h5 Rg8 40. g6+
Kg7 41. Rh4 Kh6 42. Rxf4 exf4+ 43. Kxf4 Rf8+ 44. Kg4 Be3 45. f4 Bd2 46. f5 Bxc3
47. b5 axb5 48. axb5 c6 49. bxc6 bxc6 50. Rc1 Be5 51. Rxc6 Rg8 52. Rc7 Rh8 53.
Rc4 Rg8 54. d4 Bh8 55. Ra4 Rf8 56. Ra7 Bg7 57. e5 dxe5 58. dxe5 Rd8 59. f6 Rd4+
60. Kf5 Rd3 61. fxg7 Rf3+ 62. Ke6 Rf6+ 63. Kxf6 Kxh5 64. g8=Q Kh6 65. Qh8# 1-0

[Event "ch-FRA Blitz Online Qual"]
[Site "Europe-Chess INT"]
[Date "2020.05.16"]
[Round "10"]
[White "Mecili, Nabil"]
[Black "Hilton, Marc"]
[Result "1-0"]
[WhiteElo "1688"]
[BlackElo "1546"]
[WhiteFideId "618420"]
[BlackFideId "36086983"]
[EventDate "2020.05.16"]

1. e4 c5 2. Nf3 d6 3. d4 cxd4 4. Nxd4 Nf6 5. Nc3 a6 6. Bg5 e6 7. Bc4 Be7 8. O-O
Nbd7 9. Bxe6 fxe6 10. Nxe6 Qb6 11. Nxg7+ Kd8 12. Ne6+ Ke8 13. Nd5 Qxb2 14. Rb1
Qe5 15. f4 Qxe4 16. Re1 Qg6 17. f5 Qxf5 18. Ng7+ 1-0

[Event "ch-FRA Blitz Online Qual"]
[Site "Europe-Chess INT"]
[Date "2020.05.16"]
[Round "10"]
[White "Shved, Jakov"]
[Black "Nezosi, Constantin"]
[Result "1-0"]
[WhiteElo "1667"]
[BlackElo "1458"]
[WhiteFideId "45178194"]
[BlackFideId "36066974"]
[EventDate "2020.05.16"]

1. e4 d6 2. d4 Nf6 3. Nc3 g6 4. Nf3 Bg7 5. Be3 Bg4 6. h3 Bxf3 7. Qxf3 Nc6 8. Bb5
O-O 9. O-O a6 10. Bc4 b5 11. Bd5 Nxd5 12. Nxd5 Nxd4 13. Qd1 Nc6 14. Bg5 h6 15.
Be3 Bxb2 16. Bxh6 Bg7 17. Bxg7 Kxg7 18. f4 e6 19. Ne3 Ne7 20. f5 exf5 21. exf5
Rh8 22. f6+ Kf8 23. fxe7+ Qxe7 24. Qf3 Re8 25. Rae1 Qg5 26. Ng4 Rxe1 27. Rxe1
Qc5+ 28. Kh1 Qxc2 29. Qf6 Qf5 30. Qxh8# 1-0

[Event "ch-FRA Blitz Online Qual"]
[Site "Europe-Chess INT"]
[Date "2020.05.16"]
[Round "10"]
[White "Rajaobelina, Hery"]
[Black "Sabapathee, Florian"]
[Result "0-1"]
[WhiteElo "1592"]
[BlackElo "1444"]
[WhiteFideId "36054836"]
[BlackFideId "45195951"]
[EventDate "2020.05.16"]

1. e4 c5 2. Nf3 e6 3. Nc3 Nc6 4. d4 cxd4 5. Nxd4 Nf6 6. a3 Bc5 7. Be3 Qb6 8. Na4
Qa5+ 9. c3 Bxd4 10. b4 Qxa4 11. Qxa4 Bxc3+ 12. Bd2 Bxa1 13. Qd1 Bb2 14. Qb3 Be5
15. f4 Bc7 16. Bd3 O-O 17. O-O Bb6+ 18. Kh1 Nd4 19. Qb2 d5 20. Bc3 dxe4 21. Bb1
Nf5 22. Bxf6 gxf6 23. Qxf6 e3 24. Bxf5 exf5 25. Qxf5 Bxf5 0-1

[Event "ch-FRA Blitz Online Qual"]
[Site "Europe-Chess INT"]
[Date "2020.05.16"]
[Round "10"]
[White "Senegas, Pascal"]
[Black "Assouane, Aksel"]
[Result "0-1"]
[WhiteElo "1654"]
[BlackElo "1238"]
[WhiteFideId "45102074"]
[BlackFideId "45154708"]
[EventDate "2020.05.16"]

1. Nf3 d5 2. c4 dxc4 3. e4 Nf6 4. Bxc4 Nc6 5. d3 e5 6. Nc3 Bd6 7. Ng5 O-O 8. O-O
h6 9. Nf3 Bg4 10. h3 Bh5 11. Be3 Qd7 12. Rc1 a6 13. a3 Rad8 14. Re1 b5 15. Bd5
Nxd5 16. Nxd5 Ne7 17. Nxe7+ Qxe7 18. Qe2 Qf6 19. g4 Bg6 20. Rc2 Qe7 21. Rec1 Rc8
22. Rc6 Ra8 23. Bc5 Bxc5 24. R1xc5 Rfd8 25. Rxc7 Qd6 26. Nxe5 Bh7 27. Qf3 f6 28.
R7c6 Qd4 29. Rc7 Qxb2 30. Nc6 Qb1+ 31. Kg2 Qxd3 32. Nxd8 Bxe4 33. Qxe4 Qxe4+ 34.
f3 Qe2+ 35. Kg3 Rxd8 36. R5c6 Qe5+ 37. Kg2 Rd2+ 38. Kf1 Qe2+ 39. Kg1 Qg2# 0-1

[Event "ch-FRA Blitz Online Qual"]
[Site "Europe-Chess INT"]
[Date "2020.05.16"]
[Round "10"]
[White "Druon, Thibault"]
[Black "Falip Morales, Tom"]
[Result "1-0"]
[WhiteElo "1644"]
[BlackElo "1344"]
[WhiteFideId "45166510"]
[BlackFideId "45181764"]
[EventDate "2020.05.16"]

1. d4 Nf6 2. c4 c5 3. d5 e6 4. Nc3 exd5 5. cxd5 d6 6. e4 g6 7. Nf3 Bg7 8. Bd3
O-O 9. O-O Bg4 10. h3 Bxf3 11. Qxf3 a6 12. a4 Nfd7 13. Qe2 Ne5 14. Bc2 Re8 15.
Bd2 f6 16. Rae1 Nbd7 17. Kh1 Qc7 18. f4 Nf7 19. Qg4 Nh6 20. Qg3 Rab8 21. f5 Kf7
22. fxg6+ hxg6 23. Qh4 Rh8 24. Bg5 Nf5 25. Qf2 Ne7 26. e5 dxe5 27. d6 Qxd6 28.
Ne4 Qc6 29. Bb3+ c4 30. Bc2 b5 31. axb5 axb5 32. b3 Nf5 33. Bd2 Qb6 34. Qf3 Nd4
35. Qg4 Rbd8 36. Ng5+ Ke7 37. Bb4+ Nc5 38. Bxc5+ Qxc5 39. Bxg6 f5 40. Bxf5 Nxf5
41. Qxf5 Qd6 42. Qf7# 1-0

[Event "ch-FRA Blitz Online Qual"]
[Site "Europe-Chess INT"]
[Date "2020.05.16"]
[Round "10"]
[White "Anas, Jacques"]
[Black "Vieira, William"]
[Result "0-1"]
[WhiteElo "1304"]
[BlackElo "1593"]
[WhiteFideId "36094552"]
[BlackFideId "20661193"]
[EventDate "2020.05.16"]

1. d4 d5 2. c4 e6 3. Nc3 Bb4 4. Bf4 Nf6 5. e3 O-O 6. Ne2 Ne4 7. a3 Bd6 8. Nxe4
dxe4 9. b4 Bxf4 10. Nxf4 a5 11. Be2 f5 12. O-O axb4 13. axb4 Rxa1 14. Qb3 Kh8
15. Rxa1 g5 16. Nh3 Nc6 17. d5 exd5 18. cxd5 Qf6 19. Rd1 Ne5 20. Kh1 b6 21. Qc3
Rf7 22. f3 exf3 23. gxf3 f4 24. exf4 Bxh3 25. Bf1 Bxf1 26. Rxf1 Ng4 27. fxg4
Qxc3 0-1

[Event "ch-FRA Blitz Online Qual"]
[Site "Europe-Chess INT"]
[Date "2020.05.16"]
[Round "10"]
[White "Cassam-Chenai, Antoine"]
[Black "Gimenez, Adrien"]
[Result "1-0"]
[WhiteElo "1839"]
[BlackElo "1591"]
[WhiteFideId "36087866"]
[BlackFideId "36069094"]
[EventDate "2020.05.16"]

1. e4 d6 2. d4 Nf6 3. Nc3 g6 4. Be3 Bg7 5. Qd2 Ng4 6. Bg5 h6 7. Bh4 Nd7 8. O-O-O
Ngf6 9. f3 O-O 10. g4 Nh7 11. Bf2 e5 12. d5 a6 13. h4 b5 14. Be3 g5 15. hxg5
Nxg5 16. Be2 Nb6 17. Nh3 f6 18. Nxg5 fxg5 19. Bd3 Rxf3 20. Rdf1 Bxg4 21. Rxf3
Bxf3 22. Rg1 Qf6 23. Qf2 Bh5 24. Bxb6 cxb6 25. Qxb6 Qf4+ 26. Kb1 Qf6 27. Qc6 Qd8
28. Rf1 Be8 29. Qb7 Qc8 30. Qe7 Qd7 31. Qe6+ Qxe6 32. dxe6 Ra7 33. Nd5 Bf8 34.
Nf6+ Kg7 35. Nxe8+ Kg6 36. Rxf8 Re7 37. Nxd6 Rxe6 38. Nf5 Kh5 39. Rg8 Kg4 40.
Nxh6+ Rxh6 41. b3 Kf4 42. Rf8+ Kg4 43. Be2+ Kh4 44. Rf1 Rg6 45. Kb2 g4 46. Rg1
g3 47. Bf3 Rg5 48. Kc3 Rg6 49. Kb4 Rc6 50. c4 bxc4 51. bxc4 Rg6 52. Kc5 Rf6 53.
Rh1+ Kg5 54. Be2 Rf2 55. Bf1 Kf4 56. Rg1 Kf3 57. a4 Ra2 58. Kb4 Kf2 59. Rg2+
Kxf1 60. Rxa2 g2 61. Rxg2 Kxg2 62. c5 1-0

[Event "ch-FRA Blitz Online Qual"]
[Site "Europe-Chess INT"]
[Date "2020.05.16"]
[Round "10"]
[White "Dincov, Ioan"]
[Black "Del Giovane, Fabio"]
[Result "0-1"]
[WhiteElo "1549"]
[BlackElo "1629"]
[WhiteFideId "45118612"]
[BlackFideId "45142190"]
[EventDate "2020.05.16"]

1. e4 d5 2. exd5 Qxd5 3. Nc3 Qa5 4. Bc4 Nf6 5. d3 Bg4 6. Ne2 c6 7. Bd2 Qc7 8.
O-O e6 9. f3 Bh5 10. Nf4 Bg6 11. Nxg6 hxg6 12. Bb3 Qxh2+ 13. Kf2 Bc5+ 14. Be3
Bxe3+ 15. Kxe3 Qh6+ 16. Kf2 Qg5 17. Ne4 Nxe4+ 18. dxe4 Nd7 19. Qd6 O-O-O 20. Qd4
Nc5 21. Qxg7 Rd2+ 22. Ke1 Qe3# 0-1

[Event "ch-FRA Blitz Online Qual"]
[Site "Europe-Chess INT"]
[Date "2020.05.16"]
[Round "10"]
[White "Krajewski, Thomas"]
[Black "Reuillon, Hadrien"]
[Result "0-1"]
[WhiteElo "1273"]
[BlackElo "1817"]
[WhiteFideId "45103429"]
[BlackFideId "45133972"]
[EventDate "2020.05.16"]

1. e4 c5 2. Nf3 Nc6 3. d4 cxd4 4. Nxd4 g6 5. c4 Bg7 6. Be3 Nf6 7. Nc3 O-O 8. f3
d6 9. Be2 Bd7 10. O-O Nxd4 11. Bxd4 Bc6 12. Bd3 Nd7 13. Bxg7 Kxg7 14. Nd5 Bxd5
15. cxd5 a5 16. Qb3 Nc5 17. Qc3+ Kg8 18. e5 Qb6 19. exd6 Nxd3+ 20. Kh1 Nf2+ 21.
Rxf2 Qxf2 22. dxe7 Rfe8 23. d6 Qb6 24. Rd1 a4 25. Qd2 Kg7 26. h3 a3 27. b3 Rab8
28. d7 Rxe7 29. d8=Q Rxd8 30. Qxd8 Re1+ 31. Kh2 Qg1+ 32. Kg3 Rxd1 33. Qc7 Qe1+ 0-1

[Event "ch-FRA Blitz Online Qual"]
[Site "Europe-Chess INT"]
[Date "2020.05.16"]
[Round "10"]
[White "Paralieu, Emma"]
[Black "Cornileau, Juliette"]
[Result "0-1"]
[WhiteElo "1312"]
[BlackElo "1872"]
[WhiteFideId "45154163"]
[BlackFideId "36083372"]
[EventDate "2020.05.16"]

1. e4 c5 2. Nf3 Nc6 3. c3 Nf6 4. e5 Nd5 5. Bc4 e6 6. Bxd5 exd5 7. d4 d6 8. Bf4
Bg4 9. exd6 Bxd6 10. Bxd6 Qxd6 11. Na3 cxd4 12. cxd4 Bxf3 13. Qxf3 Nxd4 14. Qe3+
Qe6 15. Qxe6+ fxe6 16. Rc1 O-O 17. O-O Ne2+ 18. Kh1 Nxc1 19. Rxc1 Rac8 20. Rf1
d4 21. Kg1 e5 22. Re1 d3 23. Rd1 d2 24. Kf1 Rc1 25. Ke2 Rxf2+ 26. Kxf2 Rxd1 27.
Ke2 Rg1 0-1

[Event "ch-FRA Blitz Online Qual"]
[Site "Europe-Chess INT"]
[Date "2020.05.16"]
[Round "10"]
[White "Duprey, Francois-xavier"]
[Black "Naillou, Jean-Marc"]
[Result "1-0"]
[WhiteElo "1613"]
[BlackElo "1449"]
[WhiteFideId "20612516"]
[BlackFideId "36047724"]
[EventDate "2020.05.16"]

1. c4 c5 2. Nf3 Nc6 3. d4 cxd4 4. Nxd4 Nxd4 5. Qxd4 e6 6. g3 Nf6 7. Bg2 b6 8.
Bxa8 Bc5 9. Qh4 d5 10. Bc6+ Bd7 11. Bxd7+ Qxd7 12. cxd5 Qxd5 13. O-O O-O 14. Nc3
Qf5 15. Bg5 Nd5 16. Nxd5 exd5 17. Be7 Re8 18. Bxc5 bxc5 19. e3 a5 20. Qa4 Ra8
21. Qc6 Rc8 22. Qb5 c4 23. Qxa5 c3 24. bxc3 h5 25. h4 Qh3 26. Qxd5 Rxc3 27. Rac1
Rxc1 28. Rxc1 Qg4 29. Kg2 Qe2 30. Rc8+ 1-0

[Event "ch-FRA Blitz Online Qual"]
[Site "Europe-Chess INT"]
[Date "2020.05.16"]
[Round "10"]
[White "Hucault, Christophe"]
[Black "Rafalimanana, Hary"]
[Result "1-0"]
[WhiteElo "1612"]
[BlackElo "1238"]
[WhiteFideId "26057336"]
[BlackFideId "551039257"]
[EventDate "2020.05.16"]

1. d4 Nf6 2. Bf4 d5 3. e3 Bf5 4. c4 Nc6 5. Qb3 Na5 6. Qa4+ c6 7. c5 b5 8. Qb4
Nb7 9. Nf3 Nh5 10. Bg5 Nf6 11. Ne5 Qc7 12. Be2 Nd7 13. f4 f6 14. Nxd7 Qxd7 15.
Bh4 h6 16. O-O O-O-O 17. a4 a5 18. Qd2 b4 19. Ba6 g5 20. fxg5 hxg5 21. Bg3 Be4
22. Bd3 Bg7 23. Bxe4 dxe4 24. Qe2 e5 25. Rd1 Qe6 26. Nd2 exd4 27. Nxe4 Qxe4 28.
Rd3 f5 29. Bd6 Nxd6 30. cxd6 Rxd6 31. Rad1 Rhd8 32. Qc2 dxe3 33. Rxd6 Rxd6 34.
Rxd6 Kc7 35. Qxe4 fxe4 36. Rg6 e2 37. Kf2 Be5 38. Kxe2 Bf4 39. g3 1-0

[Event "ch-FRA Blitz Online Qual"]
[Site "Europe-Chess INT"]
[Date "2020.05.16"]
[Round "10"]
[White "Brunet-Moret, Leopold"]
[Black "Suspene, Jacques"]
[Result "1-0"]
[WhiteElo "1109"]
[BlackElo "1610"]
[WhiteFideId "551078201"]
[BlackFideId "651023059"]
[EventDate "2020.05.16"]

1. d4 d5 2. c4 e6 3. Nc3 Nf6 4. Bg5 Nbd7 5. e3 Be7 6. Nf3 O-O 7. Bd3 a6 8. O-O
dxc4 9. Bxc4 b5 10. Bd3 Bb7 11. Ne5 Nxe5 12. dxe5 Nd5 13. Bxe7 Qxe7 14. Qh5 h6
15. Qd1 Nxc3 16. bxc3 Rfd8 17. Qc2 c5 18. Be4 c4 19. Bxb7 Qxb7 20. f3 Qc7 21. f4
Qc5 22. Qf2 Rd3 23. Rac1 Qxe3 24. Qxe3 Rxe3 25. Rfe1 Rxe1+ 26. Rxe1 Rd8 27. Rb1
Rd3 28. Rc1 Rd2 29. a4 bxa4 30. Ra1 Rc2 31. Rxa4 Rxc3 32. Rxa6 Rc2 33. Rc6 Kf8
34. Rc7 c3 35. g3 Ke8 36. Kf1 Kd8 37. Rc4 Kd7 38. Ke1 f6 39. Kd1 Rxh2 40. Rxc3
fxe5 41. fxe5 Rg2 42. Ke1 g5 43. Kf1 Rd2 44. Ke1 Rd5 45. Re3 Kc6 46. Kf2 Kc5 47.
Kf3 Kd4 48. Re4+ Kd3 49. Re3+ Kd2 50. Re4 Kd3 51. g4 1-0

[Event "ch-FRA Blitz Online Qual"]
[Site "Europe-Chess INT"]
[Date "2020.05.16"]
[Round "10"]
[White "Tuillier, Valentin"]
[Black "Villevieille, Theo"]
[Result "1-0"]
[WhiteElo "1607"]
[BlackElo "1109"]
[WhiteFideId "36020800"]
[BlackFideId "45177970"]
[EventDate "2020.05.16"]

1. e4 e5 2. Nf3 Nc6 3. d4 exd4 4. Bc4 Bc5 5. c3 Nf6 6. cxd4 Bb4+ 7. Bd2 Bxd2+ 8.
Nbxd2 d5 9. exd5 Nxd5 10. O-O O-O 11. Rc1 Bg4 12. h3 Bh5 13. Re1 Nf4 14. Ne4
Nxd4 15. Qxd4 Bxf3 16. Qxd8 Nxh3+ 17. gxh3 Raxd8 18. Ng5 Bc6 19. Rcd1 h6 20.
Nxf7 Rxd1 21. Rxd1 Rxf7 22. Rd8+ Kh7 23. Bxf7 a6 24. Be8 Bd5 25. Rd7 Bxa2 26.
Rxc7 Bd5 27. Bf7 Be4 28. Bb3 b5 29. Bc2 Bxc2 30. Rxc2 a5 31. Rc5 a4 32. Rxb5 1-0

[Event "ch-FRA Blitz Online Qual"]
[Site "Europe-Chess INT"]
[Date "2020.05.16"]
[Round "10"]
[White "Zanin, Sylvie"]
[Black "Douchez, Tony"]
[Result "0-1"]
[WhiteElo "1001"]
[BlackElo "1630"]
[WhiteFideId "45115532"]
[BlackFideId "36087785"]
[EventDate "2020.05.16"]

1. e4 e5 2. Nf3 Nc6 3. Bc4 Bc5 4. d3 Nf6 5. Nc3 d6 6. h3 h6 7. g4 Na5 8. Bd5
Nxd5 9. Nxd5 c6 10. Nc3 b5 11. a3 Qb6 12. Be3 Bxe3 13. fxe3 Qxe3+ 14. Qe2 Qxe2+
15. Kxe2 Be6 16. b4 Nb7 17. a4 O-O 18. axb5 Rfc8 19. g5 cxb5 20. Nxb5 Rxc2+ 21.
Ke3 Rb2 22. gxh6 gxh6 23. Nc7 Rc8 24. Nxe6 fxe6 25. Rhg1+ Kf7 26. Rxa7 Rxb4 27.
Nh4 Rg8 28. Rxg8 Kxg8 29. Ng6 Kf7 30. Nh4 Kf6 31. Ra8 Rb3 32. Rh8 Nc5 33. Rxh6+
Kg7 34. Rg6+ Kf7 35. Rh6 Rxd3+ 36. Ke2 Rxh3 37. Rh7+ Kg8 38. Ra7 Rxh4 39. Ra8+
Kf7 40. Ra7+ Kf6 41. Rc7 Rxe4+ 42. Kf3 Rf4+ 43. Ke3 Ne4 44. Rc8 Ng5 45. Rh8 Ra4
46. Rh6+ Kf5 47. Rh5 e4 48. Rh8 Ra3+ 49. Ke2 e3 50. Rf8+ Ke4 51. Rg8 Ra2+ 52.
Ke1 Kd3 53. Rxg5 Ra1# 0-1

[Event "ch-FRA Blitz Online Qual"]
[Site "Europe-Chess INT"]
[Date "2020.05.16"]
[Round "10"]
[White "Ciarletta, Ulysse"]
[Black "Droulout, Paul"]
[Result "1-0"]
[WhiteElo "1599"]
[BlackElo "1176"]
[WhiteFideId "45133000"]
[BlackFideId "45109770"]
[EventDate "2020.05.16"]

1. d4 Nf6 2. c4 e6 3. Nc3 Bb4 4. e3 Ne4 5. Ne2 c5 6. a3 cxd4 7. exd4 Nxc3 8.
Nxc3 Bxc3+ 9. bxc3 Nc6 10. Bd3 d6 11. O-O O-O 12. Qc2 g6 13. Qd2 Qf6 14. Qh6 e5
15. d5 Ne7 16. Re1 Bf5 17. Re3 Bxd3 18. Rxd3 Nf5 19. Qg5 Qxg5 20. Bxg5 f6 21.
Bd2 Rac8 22. Rb1 Rf7 23. g4 Ng7 24. Rb4 Rc5 25. Be3 Rcc7 26. Bxa7 b5 27. Bb6 Rb7
28. Be3 bxc4 29. Rxc4 Rb1+ 30. Kg2 Ra7 31. Rc8+ Kf7 32. c4 Ra6 33. Rc7+ Kf8 34.
Bh6 1-0

[Event "ch-FRA Blitz Online Qual"]
[Site "Europe-Chess INT"]
[Date "2020.05.16"]
[Round "10"]
[White "Viennois, Romain"]
[Black "Lefrancois, Jean"]
[Result "0-1"]
[WhiteElo "1981"]
[BlackElo "1038"]
[WhiteFideId "634204"]
[BlackFideId "551055635"]
[EventDate "2020.05.16"]

1. e4 e5 2. Nf3 Nc6 3. Bb5 Bc5 4. c3 Nf6 5. d4 exd4 6. cxd4 Bb4+ 7. Bd2 Bxd2+ 8.
Nbxd2 O-O 9. d5 Ne7 10. O-O c6 11. dxc6 dxc6 12. Bc4 Ng6 13. Re1 Re8 14. Qb3 Be6
15. Qxb7 Bxc4 16. Nxc4 Rb8 17. Qxc6 Rc8 18. Qb5 Qd3 19. Rad1 Qxc4 20. Qxc4 Rxc4
21. e5 Ng4 22. h3 Nh6 23. Rd7 Rc2 24. Rxa7 Rxb2 25. a4 Nf5 26. a5 h6 27. a6 Ra2
28. g4 Nfe7 29. h4 Nc6 30. Rc7 Ncxe5 31. a7 Nxf3+ 0-1

[Event "ch-FRA Blitz Online Qual"]
[Site "Europe-Chess INT"]
[Date "2020.05.16"]
[Round "10"]
[White "Ninin, Gabriel"]
[Black "Belattar, Salah-Eddine"]
[Result "0-1"]
[WhiteElo "1426"]
[BlackElo "1886"]
[WhiteFideId "45169756"]
[BlackFideId "9001468"]
[EventDate "2020.05.16"]

1. e4 c5 2. Nf3 Nc6 3. Bb5 g6 4. Bxc6 dxc6 5. O-O Bg7 6. c3 Nf6 7. d3 O-O 8. Be3
Bg4 9. h3 Bxf3 10. Qxf3 b6 11. Qd1 Qc7 12. Na3 Rad8 13. f3 Nh5 14. d4 cxd4 15.
cxd4 c5 16. Nc2 cxd4 17. Nxd4 e5 18. Nb5 Qc4 19. Na3 Qd3 20. Qxd3 Rxd3 21. Bf2
Nf4 22. Rfd1 Rfd8 23. Rxd3 Rxd3 24. Nc4 b5 25. Na3 Rd2 26. Nxb5 Rxb2 27. Nxa7
Bf8 28. Nc6 Nd3 29. Be1 f6 30. Rd1 Bc5+ 31. Kf1 Nf4 32. Rd2 Rb1 0-1

[Event "ch-FRA Blitz Online Qual"]
[Site "Europe-Chess INT"]
[Date "2020.05.16"]
[Round "10"]
[White "Zanin, Clement"]
[Black "Rahnama, Matin"]
[Result "0-1"]
[WhiteElo "1327"]
[BlackElo "1754"]
[WhiteFideId "36066869"]
[BlackFideId "45146039"]
[EventDate "2020.05.16"]

1. e4 e5 2. Nf3 Nc6 3. Bc4 Bc5 4. d3 Nf6 5. Bg5 h6 6. Bh4 g5 7. Bg3 d6 8. Nc3
Bg4 9. h3 Bh5 10. h4 g4 11. Nd2 Qe7 12. Nb3 Bb6 13. Qe2 O-O-O 14. O-O-O a5 15.
a4 Nd4 16. Nxd4 exd4 17. Nb5 c6 18. Na3 d5 19. exd5 Qxe2 20. dxc6 bxc6 21. Ba6+
Kd7 22. Rhe1 Rhe8 23. Rxe2 Rxe2 24. Nc4 Bc7 25. Bxc7 Kxc7 26. f3 gxf3 27. gxf3
Rf2 28. Re1 Nd5 29. Re5 Bxf3 30. Rf5 Rf1+ 31. Kd2 Rd1# 0-1

[Event "ch-FRA Blitz Online Qual"]
[Site "Europe-Chess INT"]
[Date "2020.05.16"]
[Round "10"]
[White "Touat, Kais"]
[Black "Kvashyna, Tetyana"]
[Result "0-1"]
[WhiteElo "1416"]
[BlackElo "1764"]
[WhiteFideId "45136815"]
[BlackFideId "641510"]
[EventDate "2020.05.16"]

1. e4 e5 2. Nf3 Nc6 3. Bb5 a6 4. Ba4 Nf6 5. O-O Be7 6. Re1 b5 7. Bb3 d6 8. c3
O-O 9. d4 Bg4 10. Nbd2 exd4 11. cxd4 Nxd4 12. h3 Bxf3 13. Nxf3 Nxb3 14. Qxb3 Re8
15. Bg5 h6 16. Bh4 Bf8 17. Rad1 Qe7 18. e5 dxe5 19. Rxe5 Qb4 20. Qe3 Rxe5 21.
Nxe5 Qxh4 22. Qf3 Re8 23. Nd7 Nxd7 24. Rxd7 Qf6 25. Qb7 Bd6 26. Qxa6 Bh2+ 0-1

[Event "ch-FRA Blitz Online Qual"]
[Site "Europe-Chess INT"]
[Date "2020.05.16"]
[Round "10"]
[White "Meyssirel, Tom"]
[Black "Vanlerberghe, Luc"]
[Result "0-1"]
[WhiteElo "1333"]
[BlackElo "1727"]
[WhiteFideId "45197245"]
[BlackFideId "671908"]
[EventDate "2020.05.16"]

1. c4 Nf6 2. Nc3 g6 3. d4 c5 4. Nf3 cxd4 5. Nxd4 Bg7 6. g3 O-O 7. Bg2 Nc6 8. Nf3
d6 9. O-O Be6 10. Nd2 Rc8 11. Rb1 a6 12. b3 Ng4 13. Bb2 Qa5 14. Qc2 Nd4 15. Qd1
b5 16. h3 Ne5 17. e3 Ndc6 18. cxb5 axb5 19. Nde4 Nb4 20. a3 Nbd3 21. Qd2 Nxb2
22. Qxb2 d5 23. b4 Qc7 24. Nc5 Nc4 25. Qc2 Bf5 26. e4 dxe4 27. N3xe4 Nxa3 28.
Qa2 Nxb1 29. Qxb1 Bd4 30. Qb3 e5 31. Nd2 Bxc5 32. bxc5 Qxc5 33. Nf3 b4 34. Re1
Qc3 35. Qxc3 bxc3 36. Rc1 c2 37. Nxe5 Rfd8 38. Nc6 Rd1+ 39. Rxd1 cxd1=Q+ 40. Kh2
Re8 0-1

[Event "ch-FRA Blitz Online Qual"]
[Site "Europe-Chess INT"]
[Date "2020.05.16"]
[Round "10"]
[White "Minde, Baptiste"]
[Black "Leccia, Thomas"]
[Result "1-0"]
[WhiteElo "1210"]
[BlackElo "1893"]
[WhiteFideId "45172110"]
[BlackFideId "36087270"]
[EventDate "2020.05.16"]

1. d4 d5 2. Nf3 Nf6 3. e3 c5 4. c3 e6 5. Bd3 Nc6 6. Nbd2 Bd6 7. O-O O-O 8. Qe2
Re8 9. e4 e5 10. dxe5 Nxe5 11. Nxe5 Rxe5 12. Nf3 Re8 13. e5 Ng4 14. Bf4 c4 15.
Bb1 f6 16. Qc2 fxe5 17. Qxh7+ Kf8 18. Qh8+ Kf7 19. Qh5+ Kf8 20. Bg5 Nf6 21. Bxf6
gxf6 22. Bg6 Re6 23. Qh8+ Ke7 24. Qg7# 1-0

[Event "ch-FRA Blitz Online Qual"]
[Site "Europe-Chess INT"]
[Date "2020.05.16"]
[Round "10"]
[White "Staune, Jean"]
[Black "Thibous, Leo"]
[Result "1-0"]
[WhiteElo "1719"]
[BlackElo "1380"]
[WhiteFideId "26091631"]
[BlackFideId "45136084"]
[EventDate "2020.05.16"]

1. e4 e5 2. Nf3 Nf6 3. Nc3 d6 4. d4 exd4 5. Nxd4 Nc6 6. Nxc6 bxc6 7. Bd3 Bb7 8.
O-O c5 9. Bg5 Be7 10. f4 O-O 11. Kh1 h6 12. Bh4 Re8 13. Bg3 Nh5 14. Qxh5 Bf6 15.
e5 dxe5 16. fxe5 Bg5 17. Qxf7+ Kh8 18. Qg6 c4 19. Qh7# 1-0